书目信息 |
| 题名: |
沉默的洁蒂
|
|
| 作者: | 海登 著 ;陈咨羽 译 | |
| 分册: | ||
| 出版信息: | 北京 华夏出版社 2016 |
|
| 页数: | 227页 | |
| 开本: | 21cm | |
| 丛书名: | 桃莉老师疗愈成长之旅 | |
| 单 册: | ||
| 中图分类: | G766 , I712.45 | |
| 科图分类: | ||
| 主题词: | 问题儿童--wen ti er tong--儿童教育 , 长篇小说--chang pian xiao shuo--美国--现代 | |
| 电子资源: | ||
| ISBN: | 978-7-5080-8717-7 | |
| 000 | 01281cam 2200337 450 | |
| 001 | 012001003058 | |
| 005 | 20131025082149.0 | |
| 010 | @a978-7-5080-8717-7@dCNY35.00 | |
| 099 | @aCAL 012016064935 | |
| 100 | @a20160411d2016 em y0chiy50 ea | |
| 101 | 1 | @achi@ceng |
| 102 | @aCN@b110000 | |
| 105 | @ay z 000ay | |
| 106 | @ar | |
| 200 | 1 | @a沉默的洁蒂@Achen mo de jie di@f(美) 桃莉·海顿著@d= Ghost girl@fTorey Hayden@g陈咨羽译@zeng |
| 210 | @a北京@c华夏出版社@d2016 | |
| 215 | @a227页@d21cm | |
| 225 | 2 | @a桃莉老师疗愈成长之旅@Atao li lao shi liao yu cheng zhang zhi lv |
| 314 | @a责任者规范汉译姓: 海登 | |
| 314 | @a桃莉·海顿 (Torey Hayden), 美国著名心理学家、教育学家。 | |
| 330 | @a本书讲述了桃莉老师对班上一个不说话又驼背的小女孩洁蒂的特殊关爱。通过两个人的交往不断紧密, 桃莉获得了洁蒂的信任。洁蒂不但开口对桃莉讲话, 还在她面前令人惊异地直起腰来。 | |
| 410 | 0 | @12001 @a桃莉老师疗愈成长之旅 |
| 500 | 10 | @aGhost girl@mChinese |
| 606 | 0 | @a问题儿童@Awen ti er tong@x儿童教育 |
| 606 | 0 | @a长篇小说@Achang pian xiao shuo@y美国@z现代 |
| 690 | @aG766@v5 | |
| 690 | @aI712.45@v5 | |
| 701 | 1 | @a海登@Ahai deng@g(Hayden, Torey L.),@f1951-@4著 |
| 702 | 0 | @a陈咨羽@Achen zi yu@4译 |
| 801 | 2 | @aCN@b江苏凤凰@c20191020 |
| 905 | @b1226024-7@dG766@e139@f4 | |
| 沉默的洁蒂/(美) 桃莉·海顿著= Ghost girl/Torey Hayden/陈咨羽译.-北京:华夏出版社,2016 |
| 227页;21cm.-(桃莉老师疗愈成长之旅) |
| ISBN 978-7-5080-8717-7:CNY35.00 |
| 本书讲述了桃莉老师对班上一个不说话又驼背的小女孩洁蒂的特殊关爱。通过两个人的交往不断紧密, 桃莉获得了洁蒂的信任。洁蒂不但开口对桃莉讲话, 还在她面前令人惊异地直起腰来。 |
| ● |
| 相关链接 |
|
|
|
|
正题名:沉默的洁蒂
索取号:G766/139
 
预约/预借
| 序号 | 登录号 | 条形码 | 馆藏地/架位号 | 状态 | 备注 |
| 1 | 1226024 | 212260248 | 第一样本阅览室/ [索取号:G766/139] | 在馆 | |
| 2 | 1226025 | 212260257 | 教育系资料室/ [索取号:G766/139] | 在馆 | |
| 3 | 1226026 | 212260266 | 教育系资料室/ [索取号:G766/139] | 在馆 | |
| 4 | 1226027 | 212260275 | 第四借阅区/ [索取号:G766/139] | 在馆 |